Random General Knowledge Quiz - Statistics

General Stats
  • This quiz has been taken 27 times
  • The average score is 14 of 40
Answer Stats
Hint Answer % Correct
What is the smallest country in the world? Vatican City
82%
Christchurch is a city in which country? New Zealand
77%
What is the smallest prime number? 2
68%
Who wrote War and Peace? Leo Tolstoy
68%
What is the westernmost major city in Australia? Perth
68%
What is the largest and most populous Japanese island? Honshu
64%
Where were aircrafts and ships said to mysteriously disappear? The Bermuda Triangle
64%
Who was the infamous dictator leader of Uganda? Idi Amin
59%
What is the longest river in China? Yangtze
59%
Who invented the telephone? Alexander Graham Bell
55%
What region is heavily disputed between India and Pakistan? Kashmir
55%
What is the most expensive herb? Saffron
55%
Where in the world would you find The Blue Mosque? Turkey
50%
Which country used to be called Kampuchea? Cambodia
45%
What is the opposite of nocturnal? Diurnal
41%
What is the second element on the periodic table of elements? Helium
41%
What is the second most popular sport in the world? Cricket
36%
What country gained independence from Indonesia in 2002? East Timor
36%
Which countries are classified as "double landlocked"? Liechtenstein/Uzbekistan
36%
Which country's capital is N'Djamena? Chad
32%
Turkey is located on this peninsula Anatolia
27%
Who led the Spanish Conquest of the Aztecs? Cortes
27%
Who won the first Super Bowl? Green Bay Packers
27%
What is the most common surname in Vietnam? Nguyen
27%
Which Male Tennis Player holds the most weeks at world #1? Novak Djokovic
27%
What is the largest layer of the earth? The Mantle
27%
Which country has the largest population that has not won an Olympic medal? Bangladesh
23%
Which character in Lord of the Rings is also known as Gollum? Smeagol
23%
What is the capital of French Guiana? Cayenne
18%
What is the capital of French Polynesia? Papeete
18%
What spell is used to unlock doors in Harry Potter? Alohomora
14%
What is the largest Disney park? Animal Kingdom
14%
What is the closest country to Hawaii? Kiribati
14%
What is the official name for the # symbol? Octothorpe
14%
Who kills Qui-Gon Jinn? Darth Maul
9%
What was the ocean that surrounded the supercontinent "Pangea"? Panthalassa
9%
What company made the video game Geometry Dash? RobTop Games
9%
What is the disputed region between Egypt and Sudan that neither country claims? Bir Tawil
5%
What is the most used card in Clash Royale? The Log
5%
In which city was Abraham born? Ur
5%
No matching quizzes found
Score Distribution
Percent of People with Each Score
Percentile by Number Answered
Your Score History
You have not taken this quiz